Society and its purpose
Gespeichert in:
| 1. Verfasser: | |
|---|---|
| Format: | Buch |
| Sprache: | Undetermined |
| Veröffentlicht: |
Glasgow, Gran Bretaña
Rosmini House
1994
|
| Schlagworte: | |
| Tags: |
Tag hinzufügen
Keine Tags, Fügen Sie den ersten Tag hinzu!
|
MARC
| LEADER | 00000nam a2200000Ia 4500 | ||
|---|---|---|---|
| 008 | 170316s9999 xx 000 0 und d | ||
| 090 | |a 100 R-34s | ||
| 100 | |a Rosmini, Antonio | ||
| 245 | |a Society and its purpose | ||
| 260 | |a Glasgow, Gran Bretaña | ||
| 260 | |b Rosmini House | ||
| 260 | |c 1994 | ||
| 300 | |a 455 páginas | ||
| 650 | |a FILOSOFÍA | ||
| 999 | |c 17458 |d 17458 | ||
| 040 | |a cru BVZT | ||
| 942 | |c 15 D |h 100 R-34s |2 z | ||
